Investigación de sistemas químicos (Registro nro. 83659)

Detalles MARC
000 -LEADER
campo de control de longitud fija 00504nam a2200157 i 4500
001 - NÚMERO DE CONTROL
campo de control 83659
003 - IDENTIFICADOR DE NÚMERO DE CONTROL
campo de control ES-MaACL
005 - FECHA Y HORA DE LA ÚLTIMA TRANSACCIÓN
campo de control 20230906174854.0
007 - CAMPO FIJO DE DESCRIPCIÓN FÍSICA--INFORMACIÓN GENERAL
campo de control de longitud fija t|
008 - DATOS DE LONGITUD FIJA--INFORMACIÓN GENERAL
campo de control de longitud fija 041117s1967 sp ||||1| spa d
245 00 - MENCIÓN DEL TÍTULO
Título Investigación de sistemas químicos
Resto del título : guía de laboratorio /
Mención de responsabilidad, etc. [versión, José Masaguer Fernández].
260 ## - PUBLICACIÓN, DISTRIBUCIÓN, ETC.
Lugar de publicación, distribución, etc. Barcelona :
Nombre del editor, distribuidor, etc. Reverté,
Fecha de publicación, distribución, etc. [1967]
300 ## - DESCRIPCIÓN FÍSICA
Extensión VIII, 149 p. :
Otras características físicas il. ;
Dimensiones 22 cm.
700 1# - ENTRADA AGREGADA--NOMBRE PERSONAL
Nombre de persona Masaguer Fernández, José.
9 (RLIN) 78662
852 ## - LOCALIZACIÓN
Ubicación ES-MaACL
Número de control de estantería C-33050
Sublocalización o colección R.63078
Existencias
Estatus retirado Estado de pérdida Estado de daño No para préstamo Biblioteca de origen Biblioteca actual Ubicación en estantería Fecha de adquisición Fuente de adquisición Total de préstamos Signatura topográfica completa Código de barras Visto por última vez Precio de reemplazo Tipo de ítem Koha
        Biblioteca del Ateneo de Madrid Biblioteca del Ateneo de Madrid Depósito 2 17/01/2008     C-33050 1087436 23/02/2023 23/02/2023 Libro impreso